Всадник. № 1: Графика М.Меркушева, И.Плещинского, Н.Шикалова, Д.Федорова (Запись № 13494367)

Подробности
000 -МАРКЕР
контрольное поле 01096nam2a22003011 4500
001 - ИДЕНТИФИКАТОР ЗАПИСИ
контрольное поле RU\NLR\A1SV\156433
005 - ИДЕНТИФИКАТОР ВЕРСИИ
контрольное поле 20251214193213.0
035 ## - ДРУГИЕ СИСТЕМНЫЕ НОМЕРА
Идентификатор записи (NLR Aleph) 012520851
100 ## - ДАННЫЕ ОБЩЕЙ ОБРАБОТКИ
Данные общей обработки 20210427d1920 u y0rusy50 ca
101 0# - ЯЗЫК РЕСУРСА
Язык текста, звукозаписи и т.д. русский
200 1# - ЗАГЛАВИЕ И СВЕДЕНИЯ ОБ ОТВЕТСТВЕННОСТИ
Основное заглавие Графика М.Меркушева, И.Плещинского, Н.Шикалова, Д.Федорова
210 ## - ПУБЛИКАЦИЯ, РАСПРОСТРАНЕНИЕ И ДР.
Дата издания, распространения и т.д. 1920
215 ## - ФИЗИЧЕСКАЯ ХАРАКТЕРИСТИКА
Специфическое обозначение материала и объем 41, 3 л. ил.
300 ## - ОБЩИЕ ПРИМЕЧАНИЯ
Текст примечания 30 нумер. экз.
316 ## - ПРИМЕЧАНИЯ ОБ ОСОБЕННОСТЯХ ЭКЗЕМПЛЯРА
Текст примечания Экз. РГБ с автогр. Д.Федорова
461 #1 - УРОВЕНЬ НАБОРА
Встроенное поле 001RU\NLR\A1SV\156432
-- 2000#$v№ 1
Системный номер (АБИС) связанной записи 12323392
Место публикации Казань
Дата публикации 1920-1922
Имя издателя, распространителя и т.д. Граф. коллектив при Исполкоме учащихся Казан. гос. художеств. мастерских
Сведения, относящиеся к заглавию Граф. альм.
Заглавие Всадник
Номер тома № 1
702 #1 - ИМЯ ЛИЦА - ВТОРИЧНАЯ ОТВЕТСТВЕННОСТЬ
Начальный элемент ввода Меркушев
Часть имени, кроме начального элемента ввода М.
702 #1 - ИМЯ ЛИЦА - ВТОРИЧНАЯ ОТВЕТСТВЕННОСТЬ
Начальный элемент ввода Плещинский
Часть имени, кроме начального элемента ввода И.
702 #1 - ИМЯ ЛИЦА - ВТОРИЧНАЯ ОТВЕТСТВЕННОСТЬ
Начальный элемент ввода Шикалов
Часть имени, кроме начального элемента ввода Н.
702 #1 - ИМЯ ЛИЦА - ВТОРИЧНАЯ ОТВЕТСТВЕННОСТЬ
Начальный элемент ввода Федоров
Часть имени, кроме начального элемента ввода Д.
801 #0 - ИСТОЧНИК ЗАПИСИ
Страна Российская Федерация
Организация NLR
Дата составления 20210427
899 ## - ДАННЫЕ О МЕСТОНАХОЖДЕНИИ (устаревшее)
Местонахождение РГБ
899 ## - ДАННЫЕ О МЕСТОНАХОЖДЕНИИ (устаревшее)
Местонахождение РГБ
942 ## - ДОПОЛНИТЕЛЬНЫЕ ЭЛЕМЕНТЫ ЗАПИСИ (АБИС)
Тип экземпляра АБИС Книга
980 ## - КОЛЛЕКЦИЯ
Название коллекции Международный сводный каталог русской книги (1918-1926)
980 ## - КОЛЛЕКЦИЯ
Название коллекции Национальная библиография

Нет доступных экземпляров.